| 000 | 00490cam a2200193ua 4500 | ||
|---|---|---|---|
| 001 | 7675 | ||
| 008 | 141220n ii |||gr||||Z||||||eng | ||
| 040 | _cMAIN | ||
| 041 | _aeng | ||
| 082 | _a891.44 | ||
| 100 |
_aSen, S., _eAuthor. |
||
| 245 | 1 |
_aHistory of bengali literature _cBy Sukumar Sen |
|
| 250 | _a1st rev. | ||
| 260 |
_aNew Delhi: _bSahitya akademi, _c1971. |
||
| 300 | _a392p. | ||
| 653 | _aEast Indo-European & Celtic literatures | ||
| 653 | _aBengali literature | ||
| 942 | _cBK | ||
| 999 |
_c6797 _d6797 |
||